Wall Street : Men and money

Uloženo v:
Podrobná bibliografie
Hlavní autor: Mayer, Martin
Médium: Kniha
Jazyk:Undetermined
Vydáno: New York Harper and Brothers 1959
Témata:
Tagy: Přidat tag
Žádné tagy, Buďte první, kdo otaguje tento záznam!
Thư viện lưu trữ: Trung tâm Học liệu Trường Đại học Cần Thơ
LEADER 00558nam a2200205Ia 4500
001 CTU_40772
008 210402s9999 xx 000 0 und d
082 |a 332.60973 
082 |b M468 
100 |a Mayer, Martin 
245 0 |a Wall Street : 
245 0 |b Men and money 
245 0 |c Martin Mayer 
260 |a New York 
260 |b Harper and Brothers 
260 |c 1959 
650 |a Finance market,Markets,Money market 
650 |x Social aspects 
904 |i Nguyễn Quang Điền 
980 |a Trung tâm Học liệu Trường Đại học Cần Thơ